000
00211 a2200097 4500
001
59924
100
_a
245
_a
Chemistry in action
260
_a
New York
_b
Mc Millan
_c
1987
090
_c
36759
_d
36759
942
_a
NUST-CAE
_c
MONOGRAPH
_c
29734
999
_c
294997
_d
294997